00781nam a22002417a 450000500170000001000130001702000100003003500130004003700160005304000120006908200110008110000290009224500370012126000370015827000400019530000210023565000380025665000370029470000100033194200210034199900190036295201580038120170124110102.0 aA-382096 c00.00 aA-382096 bCen Lib/Ret aDPLbEN aNbTAS aTasneem, Niranjan927364 aShadows /cby Niranjan Tasneem aLudhianabGagan Publishersc1989 aDr.Gujjarmal RoadbLudhianae141008 a144p. c20cm(Hb) aShades and shadowszAfrica927365 aChildren's poetry, French927366 926754 2ddccENhN-mTAS c129778d129778 04104070aLbLd2015-07-07eCen Lib/Retg0.00l0oN TASpA-382096r2015-07-07 00:00:00t1v0.00w2015-07-07yENzW/d List No. 6864/15 ; dtd 08/08/2020